Washington - Choix multiples - Statistiques

Statistiques générales
  • Ce quiz a été pris 102 fois
  • Le résultat moyen est 6 sur 10
Statistiques - réponses
Question Réponse % Correct
Que signifie «D.C.» dans Washington D.C. (en anglais)? District of Columbia
84%
Quel parti politique a été voté par 90% de la population de Washington lors des élections de 2024? Démocrate
76%
Lesquels de ces bâtiments gouvernementaux sont situés dans cette ville ? Tout ce qui précède
74%
De quel État fait partie Washington? Aucun
69%
Laquelle de ces personnes n'est PAS née à Washington? George Washington
69%
Sur quelle rive se trouve Washington? Potomac
58%
Au cours de laquelle de ces guerres Washington a-t-elle été occupée et incendiée par une armée ennemie? Guerre de 1812
46%
Quel fruit symbolise cette ville? Cerise
34%
Qui a conçu cette ville et l'a divisée en quadrants? Pierre Charles L'Enfant
29%
Laquelle de ces drapeaux est celui de Washington?
20%
Aucun quiz correspondant
Distribution des résultats
% des personnes avec chaque résultat
Percentile par nombre de réponses
Votre historique - résultats
Vous n’avez pas pris ce quiz